AH International Schools' Libraries

Delightfully Different Dilly / (Record no. 49032)

MARC details
000 -LEADER
fixed length control field 00358nam a22001217a 4500
008 - FIXED-LENGTH DATA ELEMENTS--GENERAL INFORMATION
fixed length control field 250723b |||||||| |||| 00| 0 eng d
020 ## - INTERNATIONAL STANDARD BOOK NUMBER
International Standard Book Number 9780711259607
100 ## - MAIN ENTRY--PERSONAL NAME
Personal name Elizabeth Dale
9 (RLIN) 85552
245 ## - TITLE STATEMENT
Title Delightfully Different Dilly /
260 ## - PUBLICATION, DISTRIBUTION, ETC. (IMPRINT)
Place of publication, distribution, etc United Kingdom
Name of publisher, distributor, etc Happy Yak
Date of publication, distribution, etc 2021
300 ## - PHYSICAL DESCRIPTION
Extent 32 pages
Other physical details col. ill.
Dimensions 7.99 x 10 x 1.85 inches
942 ## - ADDED ENTRY ELEMENTS (KOHA)
Source of classification or shelving scheme
Koha item type Book
Holdings
Withdrawn status Lost status Source of classification or shelving scheme Damaged status Not for loan Collection code Home library Current library Shelving location Date acquired Full call number Barcode Date last seen Price effective from Koha item type Total Checkouts Date checked out
          Siem Riep Asian Hope Siem Reap Asian Hope Siem Reap Easy Reading 07/23/2025 E DAL 209048 07/23/2025 07/23/2025 Book    
          Siem Riep Asian Hope Siem Reap Asian Hope Siem Reap Easy Reading 03/30/2026 E DAL 207358 04/23/2026 03/30/2026 Book 1 04/02/2026

For any Logos Library related questions please contact Miss Art at swongnarasuk@asianhope.org.

For any Asian Hope Library related questions please contact Miss Raza at graza@asianhope.org.

Click here to explore our ebooks!

Powered by Koha